000 00765cam a2200229 a 4500
001 3503931
005 20180127053955.0
008 950126s1995 nyua 001 0 eng
010 _a 95002316
020 _a0062731432
020 _a0062731432 (pbk.)
040 _aDLC
_cDLC
_dDLC
041 _aeng
080 _a617.1027
082 0 0 _a617.1027 MIC
_220
100 1 _a5
101 _aSHK
245 1 4 _aThe sports medicine bible :
_cLyle J. Micheli, with Mark Jenkins.
906 _a7
_bcbc
_corignew
_d1
_eocip
_f19
_gy-gencatlg
942 _2ddc
_cBK
999 _c41092
_d41092